|
|
|
|
| LEADER |
00000cam a2200000 i 4500 |
| 001 |
1/91017 |
| 008 |
991012s1999 gre d |
| 020 |
|
|
|a 960-310-245-8
|
| 035 |
|
|
|l 10053382
|
| 040 |
|
|
|a GR-MY-UA
|b gre
|e aacr
|
| 041 |
0 |
|
|a gre
|
| 082 |
0 |
|
|a 301
|
| 100 |
1 |
|
|a Τσουκαλάς, Κωνσταντίνος
|d 1937-
|
| 245 |
1 |
2 |
|a Η εξουσία ως λαός και ως έθνος :
|b περιπέτειες σημασιών /
|c Κωνσταντίνος Τσουκαλάς
|
| 260 |
|
|
|a Αθήνα :
|b Θεμέλιο,
|c c. 1999
|
| 300 |
|
|
|a 602 σ.
|
| 650 |
0 |
0 |
|a Sociology.
|
| 650 |
0 |
0 |
|a Minorities.
|
| 650 |
0 |
0 |
|a Nationalism.
|
| 852 |
|
|
|a INST
|b LESVOS
|e 19991012
|h 301 ΤΣΟ
|p 005100019362
|q 005100019362
|t BK
|y 0
|
| 901 |
|
|
|a BIBL1-1999-3
|
| 909 |
|
|
|a Λ
|b 069409
|
| 970 |
|
|
|a ΜΟΥΣΤΑΚΑ
|b ΠΗΝΕΛΟΠΗ
|z 1999/10/12
|